01173nam a22002537a 4500003000900000005001700009008004100026040001300067082002000080100004800100245011300148260009000261300003400351500015100385590001100536650002900547650003400576650003600610700003500646856008500681942001600766999001700782952012000799BD-DhSAU20181202152125.0160823b2016 bg ||||| |||| 001 0 eng d aBD-DhSAU 222a658.8bAk79 a Akhtar , FahmidaeRegistration # 10-03770 aEmployee’s job satisfaction: A case study on Janata bank ltd., UGC Branch /bMS thesisc Akhtar , Fahmida aSher-e-Bangla Agricultural Uniersity :bDepartment of Agribusiness & Marketing c2016 ax, 62 p. : bill. ; c30 cm.  aMS thesis, Department of Agribusiness and marketing, Faculty of Agribusiness Management, Sher-e-Bangla Agricultural University, Dhaka, Bangladesh aShofi  aAgribusiness & Marketing aEmployee’s job satisfaction aJanata Bank LimitedzUGC Branch a Afrin , Sharmin eSupervisor  uhttp://archive.saulibrary.edu.bd:8080/xmlui/handle/123456789/1870yOnline Access 2ddccTHESIS c14113d14112 00102ddc40718REFaBD-DhSAUbBD-DhSAUd2017-10-24l0o658.8 Ak79p40392r2017-11-01 00:00:00w2017-11-01yTHESIS